Классификация импульсных процессов сварки; Прогрессивные технологии и экономика в машиностроении

Detaylı Bibliyografya
Parent link:Прогрессивные технологии и экономика в машиностроении.— 2009.— С. 45-50
Yazar: Крампит М. А. Максим Андреевич
Diğer Yazarlar: Крампит А. Г. (научный руководитель)
Dil:Rusça
Baskı/Yayın Bilgisi: 2009
Konular:
Materyal Türü: MixedMaterials Kitap Bölümü
KOHA link:https://koha.lib.tpu.ru/cgi-bin/koha/opac-detail.pl?biblionumber=174554

MARC

LEADER 00000naa2a2200000 4500
001 174554
005 20231031164834.0
035 |a (RuTPU)RU\TPU\book\189284 
090 |a 174554 
100 |a 20100129d2009 k y0rusy50 ca 
101 0 |a rus 
102 |a RU 
200 1 |a Классификация импульсных процессов сварки  |f М. А. Крампит 
320 |a Библиогр.: 8 назв. 
463 0 |0 (RuTPU)RU\TPU\book\182778  |t Прогрессивные технологии и экономика в машиностроении  |o труды XIII региональной научно-практической конференции студентов и учащейся молодежи , 9-10 апреля 2009 г., Юрга  |f Томский политехнический университет (ТПУ), Юргинский технологический институт (ЮТИ) ; Прогрессивные технологии и экономика в машиностроении ; отв. за вып. Д. А. Чинахов  |v С. 45-50  |d 2009  |p 357 с. 
610 1 |a сварка 
610 1 |a углекислый газ 
610 1 |a импульсные процессы 
610 1 |a сварка модулированным током 
610 1 |a сварка пульсирующей дугой 
610 1 |a импульсная подача 
610 1 |a электродная проволока 
610 1 |a труды учёных ТПУ 
700 1 |a Крампит  |b М. А.  |c специалист в области сварочного производства  |c ассистент Юргинского технологического института Томского политехнического университета  |f 1990-  |g Максим Андреевич  |2 stltpush  |3 (RuTPU)RU\TPU\pers\32483 
702 1 |a Крампит  |b А. Г.  |4 727 
801 1 |a RU  |b 63413507  |c 20100129 
801 2 |a RU  |b 63413507  |c 20150917  |g RCR 
942 |c BK